Rehabilitation of degraded tropical forests, Southeast Asia 2003 : proceedings of the ... , 18-19 February 2003, Tsukuba, Japan

Bibliographic Details
Corporate Author: INTERNATIONAL Workshop on the Landscape Level Rehabilitation of Degraded Tropical Forests
Other Authors: Kobayashi
Format: Book
Published: Japan : Landscape Level Rehabilitation of Degraded Tropical Forests Research Project , 2003
Subjects:

MARC

LEADER 00000cam a2200000 7i4500
001 0000002700
005 20031111.0
020 0 0 |a 4990179706 
090 0 0 |a 333.75153   |b INT 2003 
110 1 0 |a INTERNATIONAL Workshop on the Landscape Level Rehabilitation of Degraded Tropical Forests   |k 2003   |j Japan 
245 1 0 |a Rehabilitation of degraded tropical forests, Southeast Asia 2003 :   |b proceedings of the ... , 18-19 February 2003, Tsukuba, Japan   |c Shigeo Kobayashi, Yoosuke Matsumoto, Emi Ueda (eds.) 
260 0 0 |a Japan :   |b Landscape Level Rehabilitation of Degraded Tropical Forests Research Project ,   |c 2003 
300 |a 159 p. :   |b ill. ;   |c 30 cm. 
500 0 0 |a Includes bibliographical references 
650 0 0 |a Forests and forestry   |z Asia, Southeastern   |x Congresses 
650 0 0 |a Tropical forests   |z Asia, Southeastern   |x Congresses 
700 0 1 |a Kobayashi   |h Shigeo 
998 |a JPSM 
999 |a 0000004800   |b Monograph   |c Open Shelf   |e Default branch 
999 |a 0000004868   |b Monograph   |c Open Shelf   |e Default branch